000 00522cam a2200193ua 4500
001 1806
008 110811n ii |||gr||||Z||||||eng
020 _a81-7141-193-2
040 _cMAIN
082 _a370.1
100 _aFrancis, K.,
_eAuthor.
245 1 _aSocial context of educational development
_cby K. Francis
250 _a1st.
260 _aNew Delhi:
_bDiscovery publishing house,993.
300 _axi; 319p:
_c23cm.
653 _aEducation
653 _aSocial context of educational development
942 _cBK
999 _c1690
_d1690